Konsep Asas Ekonomi Kewangan Antarabangsa
| Main Author: | |
|---|---|
| Format: | Book |
| Published: |
Kuala Lumpur :
Dewan Bahasa dan Pustaka ,
1989
|
| Subjects: |
MARC
| LEADER | 00000cam a2200000 7i4500 | ||
|---|---|---|---|
| 001 | 0000109212 | ||
| 005 | 20141112.0 | ||
| 008 | 100526 bm | ||
| 020 | |a 9836207384 | ||
| 090 | 0 | 0 | |a 332.042 CHU |
| 100 | 1 | |a Chua, Yee Yen | |
| 245 | 1 | 0 | |a Konsep Asas Ekonomi Kewangan Antarabangsa |c Chua Yee Yen |
| 260 | |a Kuala Lumpur : |b Dewan Bahasa dan Pustaka , |c 1989 | ||
| 300 | |a xvi,134p. ; |c 20.5 cm. | ||
| 650 | 0 | 0 | |a Economic |
| 999 | |a 0000266740 |b Buku |c Rak Terbuka |e Perpustakaan Cawangan Jasin | ||